Познай републиките в Русия - Statistics

General Stats
  • This quiz has been taken 20 times
  • The average score is 9 of 21
Answers on the Map
Answers color-coded by a green-red scale on the quiz's map according to % correct below.
 
Answer Stats
Answer % Correct
Якутия
83%
Дагестан
75%
Чечения
67%
Северна Осетия
58%
Карелия
58%
Тува
58%
Адигея
50%
Калмикия
50%
Коми
50%
Башкортостан
42%
Кабардино-Балкария
42%
Татарстан
42%
Алтай
42%
Мордовия
33%
Хакасия
25%
Чувашия
25%
Ингушетия
25%
Карачаево-Черкезия
25%
Марий Ел
17%
Бурятия
17%
Удмуртия
17%
No matching quizzes found
Score Distribution
Percent of People with Each Score
Percentile by Number Answered
Your Score History
You have not taken this quiz